Statistiques concernant Top 15 des pays avec les décès de Covid-19 - 16 mars 2022

Cliquez ici pour prendre le quiz!

Statistiques générales

  • Ce quiz a été pris 18 fois
  • Le résultat moyen est 13 sur 26

Statistiques - réponses

pays% Correct
Allemagne
100%
États-Unis
100%
France
100%
Brésil
92%
Italie
92%
Royaume-Uni
92%
Russie
92%
Inde
85%
Argentine
77%
Mexique
77%
Pologne
69%
Iran
46%
Colombie
38%
Indonésie
38%
Pérou
38%
Bulgarie
23%
Croatie
23%
Roumanie
23%
Tchèquie
23%
Hongrie
15%
Macédoine du Nord
15%
Slovaquie
15%
Slovénie
15%
Bosnie-Herzégovine
8%
Géorgie
8%
Lituanie
0%

Distribution des résultats

Percentile par nombre de réponses

% des personnes avec chaque résultat

Votre développement - résultats

Vous n’avez pas pris ce quiz